00428nam a2200157Ia 4500008004100000020001500041082001600056100002000072245002400092250000700116260003400123300002300157500001900180600002100199650005000220240925s9999 xx 000 0 und d a8176353825 a005.133 DOH aDoherty, Donald 0aJava Bean Unleashed aNA aNew Delhi:bTechmediac,2000. a597p.bNAfPirated aIncludes Index aComputer Science aComputer science, information & general works